Quinta das Cruzes " Museu " (Registo nº 559)

Detalhes MARC
000 -Etiqueta do registo
Cabeçalho 00502nam0a22002171 4500
005 - Identificador da versão
Campo de controlo 20240822124301.0
021 ## - Número do Depósito Legal
Código do país PT
035 ## - Other System Control Numbers
System Control Number 0000581
System Control Number 0000578
System Control Number 0000578
System Control Number 0000568
100 ## - Dados gerais de processamento
Dados gerais de processamento 20050516d a e0pory5003 ba
101 1# - Língua de publicação
Língua do texto, banda sonora, etc. Português
Língua do documento no original Português
102 ## - Pais de publicação ou produção
País de publicação Portugal
105 ## - Campo de dados codificados: livros
Dados codificados dos livros y z 001yy
106 ## - Campo de dados codificados: material textual
Dados codificados do material textual r
200 1# - Titulo e menção de responsabilidade
Título próprio Quinta das Cruzes " Museu "
Informação de outro título O Papel Educativo do Museu
Primeira menção de responsabilidade Ângela Maria Alves e outros
215 ## - Descrição física 
Indicação específica da natureza do documento e extensão da espécie p. 164
Dimensões cm
942 ## - Elementos de entrada adicionados (Koha)
Tipo de item no Koha Livro
Exemplares
Situação do levantamento Origin of item (home branch) (coded) Biblioteca de empréstimo Código de barras Circulation type (not for loan) Tipo de documento Nota do exemplar Damaged status
  Biblioteca Escolar Eng. Nuno Mergulhão Biblioteca Escolar Eng. Nuno Mergulhão BENM360   Livro Sem mensagem